000 00253nam a2200097Ia 4500
001 1043129
005 20250826232115.0
008 250824s9999 xx 000 0 und d
245 0 _aPAŞALARIN HESAPLAŞMASI
_cMUSTAFA ARMAĞAN
260 _bKETEBE YAYINLARI
999 _c1043129
_d1043129